000 005310000a22001810004500
003 MACL
005 20160409120746.0
008 160409b xxu||||| |||| 00| 0 eng d
040 _aMACL
_cMACL
041 _aHindi
082 _a530
100 _aराय लोकेन्‍द्र नाथ
_951247
245 _aप्रकाश की कहानी
260 _bस्‍वर्ण जयंती
_c2003
_aनई दिल्‍ली
350 _a150
650 _aPhysics
_951249
942 _cHIN
_k530
_2ddc
999 _c18281
_d18281